| 000 | 00680nas a2200217 i 4500 | ||
|---|---|---|---|
| 001 | 5107 | ||
| 003 | ES-MaACL | ||
| 005 | 20230908145915.0 | ||
| 007 | he ||| |||| | ||
| 008 | 891023r19891841sp | b |001 |spa d | ||
| 080 | _a05(464.1) | ||
| 080 | _a05(46) | ||
| 245 | 0 | 3 |
_aEl Bibliotecario y el trovador espaƱol [ _hMicroforma]. |
| 260 |
_aMadrid : _bAteneo Cientifico, Literario y Artistico, _c1989. |
||
| 300 |
_a1 microficha : _bnegativo. |
||
| 500 | _aPublicado originalmente: Madrid: Imp. I. Sancha, 1841, periodicidad semanal. | ||
| 650 | 4 |
_aObras de 1800. _915662 |
|
| 852 |
_aES-MaACL _jMCF-12 _95224 _cDEPO1 |
||
| 942 |
_2udc _cMICROFORMA |
||
| 999 |
_c5107 _d5107 |
||